| 000 | 00595cab a2200217 4500 | ||
|---|---|---|---|
| 001 | WB3213-63 | ||
| 008 | 090401t1996 xxu||||| |||| 00| 0 eng d | ||
| 035 | _a(Sirsi) u60822 | ||
| 041 | _aeng | ||
| 245 | _aLanarkshire | ||
| 260 | _c1996 | ||
| 350 | _a0 | ||
| 490 |
_aFinancial Times _v29 March 1996, 14-15(2) |
||
| 520 | _aSurvey of Lanarkshire - focussing on regeneration prjects, the manufacturing industry and inward investment. | ||
| 650 | _aLANARKSHIRE | ||
| 650 | _aSCOTLAND | ||
| 650 | _aURBAN REGENERATION | ||
| 690 | _aSPECIAL REPORTS | ||
| 942 | _n0 | ||
| 948 | _c04/03/1997 | ||
| 999 |
_c37601 _d37601 |
||